[Event "22nd Hogeschool Zeeland Tournament 2018"]
[Site "Vlissingen"]
[Date "2018.08.04"]
[Round "1.1"]
[White "Leentjens, Gilbert"]
[Black "Mareco, Sandro"]
[Result "0-1"]
[WhiteElo "1870"]
[BlackElo "2643"]
[PlyCount "60"]
[EventDate "2018.08.04"]
[EventCountry "NED"]
[SourceDate "2018.08.04"]

1. e4 c5 2. Nc3 e6 3. g3 a6 4. Bg2 b5 5. d3 Bb7 6. f4 d5 7. exd5 exd5 8. Qe2+
Be7 9. Nf3 Nf6 10. O-O b4 11. Nd1 O-O 12. Ne5 Nc6 13. c3 Re8 14. Nf2 Bd6 15.
Nxc6 Bxc6 16. Qc2 Qb6 17. Bd2 a5 18. Rfe1 c4 19. d4 b3 20. axb3 cxb3 21. Qd3 a4
22. Rab1 Qb7 23. Rec1 Nd7 24. c4 dxc4 25. Bxc6 Qxc6 26. Qxc4 Qxc4 27. Rxc4 Rec8
28. Rbc1 Rxc4 29. Rxc4 a3 30. Rc1 axb2 0-1

[Event "22nd Hogeschool Zeeland Tournament 2018"]
[Site "Vlissingen"]
[Date "2018.08.04"]
[Round "1.2"]
[White "Iturrizaga Bonelli, Eduard"]
[Black "Smit, Ron"]
[Result "1-0"]
[WhiteElo "2640"]
[BlackElo "1867"]
[PlyCount "73"]
[EventDate "2018.08.04"]
[EventCountry "NED"]
[SourceDate "2018.08.04"]

1. Nf3 d5 2. c4 c6 3. g3 Bg4 4. Bg2 e6 5. O-O Be7 6. b3 Bf6 7. Nc3 Ne7 8. Ba3
Bf5 9. d4 O-O 10. Re1 Re8 11. Qd2 Nd7 12. Rad1 Qa5 13. Bxe7 Bxe7 14. Nxd5 Qxd2
15. Nxe7+ Rxe7 16. Nxd2 Bg6 17. b4 Nf6 18. e4 Rc7 19. Nb3 h6 20. a4 Rf8 21. f4
Nd7 22. a5 a6 23. Rd2 Nf6 24. h3 Nd7 25. Re3 Nf6 26. g4 Nd7 27. Kh2 f6 28. Kg3
Bf7 29. e5 Bg6 30. h4 f5 31. d5 cxd5 32. cxd5 Nxe5 33. d6 Rc4 34. Rxe5 Rc3+ 35.
Kh2 Rxb3 36. gxf5 Rxb4 37. d7 1-0

[Event "22nd Hogeschool Zeeland Tournament 2018"]
[Site "Vlissingen"]
[Date "2018.08.04"]
[Round "1.3"]
[White "De Kleuver, Jonathan"]
[Black "Van Foreest, Jorden"]
[Result "0-1"]
[WhiteElo "1865"]
[BlackElo "2636"]
[PlyCount "61"]
[EventDate "2018.08.04"]
[EventCountry "NED"]
[SourceDate "2018.08.04"]

1. e4 c5 2. Nf3 d6 3. Nc3 a6 4. a4 Nf6 5. d4 cxd4 6. Nxd4 e5 7. Nb3 Be6 8. Be2
Be7 9. Be3 O-O 10. Nd5 Nbd7 11. f3 Bxd5 12. exd5 Rc8 13. c4 a5 14. O-O b6 15.
Nd2 Nc5 16. Bxc5 bxc5 17. f4 exf4 18. Rxf4 Rb8 19. b3 Nd7 20. Rf3 Ne5 21. Rh3
f5 22. Qc2 Bg5 23. Nf3 Be3+ 24. Kf1 Ng4 25. Qc3 Qe7 26. Bd3 Bf2 27. Bc2 Rbe8
28. Qd3 Qf6 29. Ra2 Qg5 30. Qd2 Qxd2 31. Nxd2 0-1

[Event "22nd Hogeschool Zeeland Tournament 2018"]
[Site "Vlissingen"]
[Date "2018.08.04"]
[Round "1.4"]
[White "Chanda, Sandipan"]
[Black "Van Driel, Eric"]
[Result "1-0"]
[WhiteElo "2553"]
[BlackElo "1864"]
[PlyCount "41"]
[EventDate "2018.08.04"]
[EventCountry "NED"]
[SourceDate "2018.08.04"]

1. d4 e6 2. e4 d5 3. e5 c5 4. c3 Qb6 5. Nf3 Bd7 6. Be2 cxd4 7. cxd4 Bb5 8. Nc3
Bxe2 9. Nxe2 Nc6 10. O-O Nge7 11. Ng3 h6 12. Rb1 Rc8 13. Kh1 Ng6 14. Nh5 Rg8
15. Be3 Be7 16. b4 Qc7 17. Qa4 b5 18. Qxb5 Rb8 19. Qa4 Rxb4 20. Rxb4 Bxb4 21.
Rc1 1-0

[Event "22nd Hogeschool Zeeland Tournament 2018"]
[Site "Vlissingen"]
[Date "2018.08.04"]
[Round "1.5"]
[White "Baete, Guy"]
[Black "Ikonnikov, Vyacheslav"]
[Result "0-1"]
[WhiteElo "1861"]
[BlackElo "2546"]
[PlyCount "64"]
[EventDate "2018.08.04"]
[EventCountry "NED"]
[SourceDate "2018.08.04"]

1. d4 Nf6 2. Nf3 e6 3. e3 b6 4. Bd3 Bb7 5. O-O c5 6. b3 Be7 7. Bb2 d6 8. c4 O-O
9. Nbd2 Nbd7 10. Rc1 Re8 11. Bb1 Rc8 12. Re1 Bf8 13. e4 cxd4 14. Nxd4 g6 15.
Nb5 a6 16. Nc3 Bh6 17. Nf1 Bxc1 18. Qxc1 b5 19. cxb5 axb5 20. Qh6 Qa5 21. Re3
Ng4 22. Qf4 Nxe3 23. Qxe3 b4 24. Ne2 e5 25. Qg5 d5 26. Neg3 d4 27. Nf5 Qd8 28.
Qg3 Nf6 29. Nd2 Rc3 30. f3 Nh5 31. Qg4 Kf8 32. Qh3 Qg5 0-1

[Event "22nd Hogeschool Zeeland Tournament 2018"]
[Site "Vlissingen"]
[Date "2018.08.04"]
[Round "1.6"]
[White "Zeng, Chongsheng"]
[Black "Westerweele, Maarten"]
[Result "1-0"]
[WhiteElo "2539"]
[BlackElo "1859"]
[PlyCount "63"]
[EventDate "2018.08.04"]
[EventCountry "NED"]
[SourceDate "2018.08.04"]

1. e4 e6 2. d4 d5 3. Nd2 Be7 4. Bd3 Nf6 5. e5 Nfd7 6. Ne2 c5 7. c3 Nc6 8. O-O
a5 9. Nf3 cxd4 10. cxd4 g5 11. Be3 g4 12. Ne1 Qb6 13. Nc2 Nf8 14. Nf4 Bd7 15.
Qxg4 Ng6 16. Nh5 O-O-O 17. Qe2 Kb8 18. f4 Nh4 19. g4 Rdg8 20. Kh1 Qd8 21. Rg1
h6 22. Raf1 f5 23. exf6 Bxf6 24. Nxf6 Qxf6 25. Rg3 h5 26. g5 Qf7 27. f5 Nxf5
28. Bxf5 exf5 29. Bf4+ Ka8 30. Qb5 Re8 31. Ra3 Re6 32. Bc1 1-0

[Event "22nd Hogeschool Zeeland Tournament 2018"]
[Site "Vlissingen"]
[Date "2018.08.04"]
[Round "1.7"]
[White "Minnema, Rens"]
[Black "Pruijssers, Roeland"]
[Result "0-1"]
[WhiteElo "1856"]
[BlackElo "2506"]
[PlyCount "48"]
[EventDate "2018.08.04"]
[EventCountry "NED"]
[SourceDate "2018.08.04"]

1. e4 c5 2. Nf3 e6 3. Nc3 Nc6 4. d4 cxd4 5. Nxd4 Qc7 6. Be3 Nf6 7. Be2 Bb4 8.
f3 O-O 9. O-O a6 10. Qd2 d5 11. Nxc6 bxc6 12. a3 Bd6 13. f4 dxe4 14. Qd4 c5 15.
Qc4 Bb7 16. Rad1 Nd5 17. Bc1 Nb6 18. Qa2 Rad8 19. h3 c4 20. Be3 Bc5 21. Bxc5
Qxc5+ 22. Kh1 e3 23. a4 Qf5 24. a5 Qxh3+ 0-1

[Event "22nd Hogeschool Zeeland Tournament 2018"]
[Site "Vlissingen"]
[Date "2018.08.04"]
[Round "1.8"]
[White "Hausrath, Daniel"]
[Black "Homfeldt, Christopher"]
[Result "1-0"]
[WhiteElo "2502"]
[BlackElo "1854"]
[PlyCount "81"]
[EventDate "2018.08.04"]
[EventCountry "NED"]
[SourceDate "2018.08.04"]

1. Nf3 c5 2. g3 Nc6 3. Bg2 Nf6 4. O-O g6 5. b3 Bg7 6. Bb2 O-O 7. c4 e6 8. d4
cxd4 9. Nxd4 d5 10. Nd2 Qb6 11. e3 Ne7 12. Rc1 Bd7 13. Rc2 Rfd8 14. Qa1 e5 15.
N4f3 Bf5 16. Rcc1 Bd3 17. Rfd1 dxc4 18. Nxe5 cxb3 19. Nxd3 Rxd3 20. Nc4 Rxd1+
21. Rxd1 Qa6 22. axb3 Qxa1 23. Bxa1 Nc6 24. Bxc6 bxc6 25. Bxf6 Bxf6 26. Rd6 Be7
27. Rxc6 Rb8 28. Rc7 Kf8 29. Nd2 a5 30. Ra7 h5 31. Kf1 Bb4 32. Ne4 Be7 33. Nd2
Bb4 34. Nc4 Rb5 35. Ke2 Bc3 36. Rxf7+ Kg8 37. Ra7 Rxb3 38. Nxa5 Rb2+ 39. Kf1
Ra2 40. Nc6 Rxa7 41. Nxa7 1-0

[Event "22nd Hogeschool Zeeland Tournament 2018"]
[Site "Vlissingen"]
[Date "2018.08.04"]
[Round "1.9"]
[White "Timmermans, Adri"]
[Black "Wan, Yunguo"]
[Result "0-1"]
[WhiteElo "1847"]
[BlackElo "2500"]
[PlyCount "68"]
[EventDate "2018.08.04"]
[EventCountry "NED"]
[SourceDate "2018.08.04"]

1. e4 c5 2. Nf3 d6 3. d4 cxd4 4. Nxd4 Nf6 5. Nc3 a6 6. Be3 e5 7. Nb3 Be6 8. f3
h5 9. Nd5 Bxd5 10. exd5 Nbd7 11. c4 g6 12. Bd3 Bh6 13. Bxh6 Rxh6 14. Qd2 Rh8
15. O-O h4 16. Rae1 Kf8 17. f4 Qb6+ 18. Qe3 Qxe3+ 19. Rxe3 Ng4 20. Re2 f5 21.
h3 Ngf6 22. fxe5 Nxe5 23. Nc1 Re8 24. Ref2 Kg7 25. b3 Re7 26. Bb1 Rhe8 27. Rf4
Nh5 28. Rxh4 Ng3 29. Rd1 Nd7 30. Kh2 Re1 31. Rxe1 Rxe1 32. Kxg3 Rxc1 33. Bd3
Rc3 34. Rd4 Ne5 0-1

[Event "22nd Hogeschool Zeeland Tournament 2018"]
[Site "Vlissingen"]
[Date "2018.08.04"]
[Round "1.10"]
[White "Henrichs, Thomas"]
[Black "Van Dijkhuizen, Robbert"]
[Result "1-0"]
[WhiteElo "2486"]
[BlackElo "1845"]
[PlyCount "47"]
[EventDate "2018.08.04"]
[EventCountry "NED"]
[SourceDate "2018.08.04"]

1. d4 d5 2. c4 c6 3. Nf3 Nf6 4. Nc3 e6 5. e3 Nbd7 6. Qc2 Be7 7. Bd3 h6 8. b3
O-O 9. Bb2 b6 10. O-O Bb7 11. Rad1 Qc7 12. Ne5 Nxe5 13. dxe5 dxc4 14. Bxc4 Ng4
15. Ne4 h5 16. h3 Nh6 17. Nf6+ Bxf6 18. exf6 g6 19. Bxe6 Kh7 20. Rd7 Qb8 21.
Re7 Bc8 22. Bc4 Bf5 23. e4 Bc8 24. Be5 1-0

[Event "22nd Hogeschool Zeeland Tournament 2018"]
[Site "Vlissingen"]
[Date "2018.08.04"]
[Round "1.11"]
[White "Lukas, Anne"]
[Black "Admiraal, Miguoel"]
[Result "0-1"]
[WhiteElo "1844"]
[BlackElo "2479"]
[PlyCount "44"]
[EventDate "2018.08.04"]
[EventCountry "NED"]
[SourceDate "2018.08.04"]

1. d4 Nf6 2. Nf3 d5 3. c4 e6 4. Bg5 h6 5. Bxf6 Qxf6 6. Nc3 c6 7. e3 Nd7 8. cxd5
exd5 9. Bd3 Bd6 10. a3 a5 11. Rb1 Qe7 12. O-O O-O 13. Qc2 Nf6 14. h3 Bd7 15.
Na4 Rae8 16. Nc5 Bc8 17. b4 axb4 18. axb4 Ne4 19. Bxe4 dxe4 20. Nd2 f5 21. Nc4
Bb8 22. Nb6 Qc7 0-1

[Event "22nd Hogeschool Zeeland Tournament 2018"]
[Site "Vlissingen"]
[Date "2018.08.04"]
[Round "1.12"]
[White "Beerdsen, Thomas"]
[Black "Bishoen, Bob"]
[Result "1-0"]
[WhiteElo "2469"]
[BlackElo "1837"]
[PlyCount "81"]
[EventDate "2018.08.04"]
[EventCountry "NED"]
[SourceDate "2018.08.04"]

1. e4 g6 2. d4 Bg7 3. Nc3 d6 4. h4 Nf6 5. h5 Nxh5 6. g4 Nf6 7. g5 Ng8 8. Bc4
Be6 9. d5 Bd7 10. Be3 e5 11. dxe6 Bxe6 12. Bd4 Be5 13. Bxe5 dxe5 14. Qxd8+ Kxd8
15. Bxe6 fxe6 16. O-O-O+ Kc8 17. Nf3 Nc6 18. b4 a6 19. a4 h5 20. b5 axb5 21.
axb5 Ra1+ 22. Kb2 Rxd1 23. Rxd1 Nd4 24. Nxe5 c5 25. Na4 Ne7 26. Nxc5 Nxb5 27.
Nf7 Rh7 28. Nxe6 Nc6 29. c4 Nc7 30. Nd6+ Kb8 31. Nf8 Rg7 32. Kc3 Na6 33. Ne8
Re7 34. Nf6 Nc5 35. f3 Ne6 36. Nd5 Re8 37. Nd7+ Kc8 38. N7b6+ Kb8 39. Ra1 Na7
40. Nd7+ Ka8 41. N5b6# 1-0

[Event "22nd Hogeschool Zeeland Tournament 2018"]
[Site "Vlissingen"]
[Date "2018.08.04"]
[Round "1.13"]
[White "Verhoef, Harry"]
[Black "Romanishin, Oleg M"]
[Result "0-1"]
[WhiteElo "1837"]
[BlackElo "2441"]
[PlyCount "50"]
[EventDate "2018.08.04"]
[EventCountry "NED"]
[SourceDate "2018.08.04"]

1. e4 c5 2. d3 Nc6 3. f4 e6 4. Nf3 d5 5. Be2 g6 6. O-O Bg7 7. Kh1 Nge7 8. c3
O-O 9. Be3 d4 10. Bf2 e5 11. fxe5 Nxe5 12. cxd4 Nxf3 13. Bxf3 cxd4 14. Nd2 Nc6
15. Nc4 Be6 16. b3 b5 17. Nb2 Rc8 18. Bg4 Bxg4 19. Qxg4 Nb4 20. Bh4 Qd6 21. Bg3
Qc6 22. Rfc1 Qxc1+ 23. Rxc1 Rxc1+ 24. Nd1 Nxd3 25. Qf3 Nb2 0-1

[Event "22nd Hogeschool Zeeland Tournament 2018"]
[Site "Vlissingen"]
[Date "2018.08.04"]
[Round "1.14"]
[White "Vrolijk, Liam"]
[Black "Priemer, Siegfried"]
[Result "1-0"]
[WhiteElo "2430"]
[BlackElo "1836"]
[PlyCount "93"]
[EventDate "2018.08.04"]
[EventCountry "NED"]
[SourceDate "2018.08.04"]

1. e4 e5 2. Nf3 Nf6 3. Nxe5 Qe7 4. d4 d6 5. Nf3 Nxe4 6. Be2 d5 7. O-O Be6 8. c4
Nc6 9. cxd5 Bxd5 10. Nc3 Nxc3 11. bxc3 Qd7 12. c4 Bxf3 13. Bxf3 Be7 14. Be3 O-O
15. Rb1 Bf6 16. Bg4 Qd8 17. d5 Na5 18. Qd3 b6 19. c5 Nb7 20. c6 Nd6 21. Bd7 g6
22. Rfe1 Bg7 23. Bf4 Qh4 24. Bxd6 cxd6 25. c7 Be5 26. g3 Qf6 27. Qa6 Bd4 28.
Rf1 h5 29. c8=Q h4 30. Qc2 hxg3 31. hxg3 Qg5 32. Qad3 Bc5 33. Kg2 Rad8 34. Bc6
Kg7 35. Rh1 f5 36. f4 Qf6 37. Qcc3 Rf7 38. Rbe1 Rdf8 39. Re6 Qxc3 40. Qxc3+ Rf6
41. Rh7+ Kxh7 42. Rxf6 Rxf6 43. Qxf6 b5 44. Be8 b4 45. Bxg6+ Kh6 46. Bxf5+ Kh5
47. g4# 1-0

[Event "22nd Hogeschool Zeeland Tournament 2018"]
[Site "Vlissingen"]
[Date "2018.08.04"]
[Round "1.15"]
[White "Verhoeff, Timardi"]
[Black "Warmerdam, Max"]
[Result "0-1"]
[WhiteElo "1833"]
[BlackElo "2421"]
[PlyCount "118"]
[EventDate "2018.08.04"]
[EventCountry "NED"]
[SourceDate "2018.08.04"]

1. c4 g6 2. g3 Bg7 3. Bg2 Nf6 4. Nc3 O-O 5. e4 d6 6. d3 e5 7. Nge2 c6 8. O-O a6
9. a4 a5 10. h3 Na6 11. Be3 Nb4 12. d4 Nd7 13. d5 Nc5 14. Bxc5 dxc5 15. Qd2 h5
16. Rad1 cxd5 17. Nxd5 Nxd5 18. Qxd5 Qb6 19. Nc3 Be6 20. Qd3 Qxb2 21. Rb1 Qa3
22. Rfc1 Rfd8 23. Qe2 Rd4 24. Nb5 Qxa4 25. Nxd4 cxd4 26. Qd3 Qc6 27. c5 a4 28.
Rb6 Qd7 29. Qb5 Qxb5 30. Rxb5 a3 31. Rxb7 a2 32. Ra1 Rc8 33. Rb5 Bh6 34. f4
exf4 35. gxf4 Bxf4 36. Bf1 Bd2 37. Rb2 Be3+ 38. Kg2 Rxc5 39. Raxa2 Bxa2 40.
Rxa2 Rg5+ 41. Kf3 Rg1 42. Bc4 Rc1 43. Bd5 Rf1+ 44. Ke2 Rf2+ 45. Kd3 Rxa2 46.
Bxa2 g5 47. e5 Kf8 48. Ke4 g4 49. hxg4 hxg4 50. Bc4 Ke7 51. Be2 g3 52. Bf3 Kd7
53. Bg2 Kc6 54. Kd3+ Kc5 55. Ke4 Kc4 56. Bf1+ Kc3 57. Kf3 Bf2 58. Ke4 d3 59.
Kf3 d2 0-1

[Event "22nd Hogeschool Zeeland Tournament 2018"]
[Site "Vlissingen"]
[Date "2018.08.04"]
[Round "1.16"]
[White "Viani Antonio Dcunha"]
[Black "Mostertman, Johan"]
[Result "1-0"]
[WhiteElo "2414"]
[BlackElo "1832"]
[PlyCount "49"]
[EventDate "2018.08.04"]
[EventCountry "NED"]
[SourceDate "2018.08.04"]

1. e4 c5 2. Nf3 Nc6 3. c3 g6 4. d4 cxd4 5. cxd4 Bg7 6. d5 Ne5 7. Nd4 d6 8. Nc3
Nf6 9. f4 Ned7 10. Be2 O-O 11. Be3 a6 12. O-O Qa5 13. a3 Ne8 14. b4 Qd8 15. Rc1
Bxd4 16. Qxd4 e5 17. dxe6 fxe6 18. f5 Ne5 19. Bh6 Qf6 20. Qe3 Ng7 21. Bg5 Qf7
22. fxe6 Qxe6 23. Nd5 Rxf1+ 24. Rxf1 Ne8 25. Ne7+ 1-0

[Event "22nd Hogeschool Zeeland Tournament 2018"]
[Site "Vlissingen"]
[Date "2018.08.04"]
[Round "1.17"]
[White "Smit, Manuel"]
[Black "Van Delft, Merijn"]
[Result "0-1"]
[WhiteElo "1829"]
[BlackElo "2395"]
[PlyCount "66"]
[EventDate "2018.08.04"]
[EventCountry "NED"]
[SourceDate "2018.08.04"]

1. d4 Nf6 2. Bf4 g6 3. h3 Bg7 4. Nf3 O-O 5. e3 d6 6. Be2 Nbd7 7. Bh2 b6 8. O-O
Bb7 9. c4 c5 10. Nc3 a6 11. Rc1 Ne4 12. Nxe4 Bxe4 13. b3 Qb8 14. Qd2 Rc8 15.
Ng5 Bb7 16. Bg4 Rc7 17. b4 h6 18. dxc5 bxc5 19. Bxd7 Rxd7 20. Nxf7 Qc8 21.
Nxh6+ Bxh6 22. Qd3 Kh7 23. h4 Rc7 24. Rb1 Qe6 25. Rb3 Qe4 26. Qxe4 Bxe4 27. f3
Bc2 28. Rc3 Bf5 29. a3 Bg7 30. Rcc1 cxb4 31. axb4 Bd3 32. c5 Bxf1 33. Rxf1 Rc6
0-1

[Event "22nd Hogeschool Zeeland Tournament 2018"]
[Site "Vlissingen"]
[Date "2018.08.04"]
[Round "1.18"]
[White "Schoppen, Casper"]
[Black "Klein, Jorik"]
[Result "1-0"]
[WhiteElo "2394"]
[BlackElo "1828"]
[PlyCount "43"]
[EventDate "2018.08.04"]
[EventCountry "NED"]
[SourceDate "2018.08.04"]

1. e4 c5 2. Nf3 d6 3. d4 cxd4 4. Nxd4 Nf6 5. Nc3 a6 6. Bc4 e6 7. Be3 Be7 8. Bb3
O-O 9. g4 Ne8 10. Qe2 Nc6 11. O-O-O Bf6 12. f4 Nxd4 13. Bxd4 Bxd4 14. Rxd4 b5
15. Rhd1 Qb6 16. f5 e5 17. R4d3 Bb7 18. g5 Kh8 19. Rh3 g6 20. f6 Bc8 21. Nd5
Qd8 22. Rh6 1-0

[Event "22nd Hogeschool Zeeland Tournament 2018"]
[Site "Vlissingen"]
[Date "2018.08.04"]
[Round "1.19"]
[White "Smink, Meinte"]
[Black "Shyaamnikhil P"]
[Result "0-1"]
[WhiteElo "1820"]
[BlackElo "2389"]
[PlyCount "76"]
[EventDate "2018.08.04"]
[EventCountry "NED"]
[SourceDate "2018.08.04"]

1. d4 Nf6 2. c4 e6 3. Nc3 Bb4 4. f3 d5 5. a3 Bxc3+ 6. bxc3 c5 7. cxd5 Nxd5 8.
dxc5 f5 9. Nh3 Qa5 10. Qd3 Nd7 11. e4 fxe4 12. fxe4 N5f6 13. Nf2 O-O 14. Be2
Nxc5 15. Qc2 Bd7 16. O-O Ba4 17. Qb2 Nfxe4 18. Be3 Nxf2 19. Bxf2 Bc6 20. Bd4
Nd7 21. Bc4 Bd5 22. Bxd5 Qxd5 23. c4 Qc6 24. Bxg7 Qb6+ 25. Bd4 Qxb2 26. Bxb2
Rac8 27. Rxf8+ Kxf8 28. Rc1 e5 29. g4 Kf7 30. h3 Ke6 31. Kf1 Nb6 32. Ke2 Nxc4
33. Rc2 b5 34. Bc1 a5 35. Kd3 Kd5 36. g5 e4+ 37. Ke2 b4 38. axb4 axb4 0-1

[Event "22nd Hogeschool Zeeland Tournament 2018"]
[Site "Vlissingen"]
[Date "2018.08.04"]
[Round "1.20"]
[White "Gonzales, Jayson"]
[Black "Van der Hagen, Loek"]
[Result "1-0"]
[WhiteElo "2383"]
[BlackElo "1814"]
[PlyCount "47"]
[EventDate "2018.08.04"]
[EventCountry "NED"]
[SourceDate "2018.08.04"]

1. Nf3 Nf6 2. c4 g6 3. b3 Bg7 4. Bb2 O-O 5. g3 d6 6. Bg2 e5 7. O-O Nc6 8. d4
Nd7 9. d5 Ne7 10. e4 Nc5 11. Nc3 a5 12. a3 f5 13. b4 Nxe4 14. Nxe4 fxe4 15. Nd2
e3 16. fxe3 c6 17. Rxf8+ Bxf8 18. dxc6 bxc6 19. Ne4 Nf5 20. c5 Be6 21. cxd6
Nxe3 22. Qf3 Nxg2 23. Bxe5 Bf5 24. Qb3+ 1-0

[Event "22nd Hogeschool Zeeland Tournament 2018"]
[Site "Vlissingen"]
[Date "2018.08.04"]
[Round "1.21"]
[White "Van Gemert, Jean-Pierre"]
[Black "Timmermans, Mark"]
[Result "0-1"]
[WhiteElo "1811"]
[BlackElo "2383"]
[PlyCount "54"]
[EventDate "2018.08.04"]
[EventCountry "NED"]
[SourceDate "2018.08.04"]

1. d4 Nf6 2. Nf3 d5 3. Bf4 c5 4. c3 Nc6 5. e3 Qb6 6. Qc2 Bf5 7. dxc5 Bxc2 8.
cxb6 Bxb1 9. Rxb1 axb6 10. a3 e6 11. Bb5 Be7 12. a4 O-O 13. O-O Ne4 14. Bc7 Bd8
15. Bf4 g5 16. Bg3 h5 17. h3 h4 18. Bh2 f5 19. Rbd1 g4 20. hxg4 fxg4 21. Ne5 g3
22. Nxc6 bxc6 23. Bxc6 gxf2+ 24. Rxf2 Nxf2 25. Rf1 Bg5 26. Bd6 Bxe3 27. Bxa8
Ng4+ 0-1

[Event "22nd Hogeschool Zeeland Tournament 2018"]
[Site "Vlissingen"]
[Date "2018.08.04"]
[Round "1.23"]
[White "Melger, Ron"]
[Black "Grooten, Herman"]
[Result "0-1"]
[WhiteElo "1805"]
[BlackElo "2374"]
[PlyCount "66"]
[EventDate "2018.08.04"]
[EventCountry "NED"]
[SourceDate "2018.08.04"]

1. d4 Nf6 2. Nf3 e6 3. c4 b6 4. Nc3 Bb4 5. Bg5 Bxc3+ 6. bxc3 Bb7 7. e3 h6 8.
Bh4 d6 9. Nd2 e5 10. d5 Nbd7 11. Bd3 Bc8 12. O-O g5 13. Bg3 Nc5 14. Qc2 Qe7 15.
f3 h5 16. h4 Ng8 17. hxg5 Qxg5 18. Bf2 Bh3 19. g3 h4 20. f4 Qg4 21. Be4 hxg3
22. Be1 Qe2 23. Bxg3 Qxe3+ 24. Bf2 Qxf4 25. Bg2 Qg4 26. Bg3 Qxg3 27. Ne4 Nxe4
28. Qxe4 Ne7 29. Rf2 f5 30. Qc2 Bg4 31. Qa4+ Kf7 32. Qd7 f4 33. Qa4 Rh1+ 0-1

[Event "22nd Hogeschool Zeeland Tournament 2018"]
[Site "Vlissingen"]
[Date "2018.08.04"]
[Round "1.24"]
[White "Ravi, Teja S"]
[Black "Van t Hoff, Kees"]
[Result "1-0"]
[WhiteElo "2374"]
[BlackElo "1795"]
[PlyCount "57"]
[EventDate "2018.08.04"]
[EventCountry "NED"]
[SourceDate "2018.08.04"]

1. d4 Nf6 2. Nf3 g6 3. Nc3 d5 4. Bf4 c6 5. e3 Bg7 6. Be2 Nbd7 7. h4 h5 8. Qd2
a6 9. Ne5 Nf8 10. O-O-O Ne6 11. Bh2 Bd7 12. Bd3 c5 13. dxc5 Nxc5 14. Nxd7 Qxd7
15. f3 b5 16. Be5 Nxd3+ 17. Qxd3 e6 18. Qd4 Qe7 19. g4 O-O 20. e4 Rfc8 21. g5
Ne8 22. Bxg7 Nxg7 23. exd5 Rc4 24. d6 Qd8 25. Qe5 Rac8 26. d7 Ra8 27. Ne4 Rc7
28. Nf6+ Kf8 29. Qd6+ 1-0

[Event "22nd Hogeschool Zeeland Tournament 2018"]
[Site "Vlissingen"]
[Date "2018.08.04"]
[Round "1.25"]
[White "De Graaf, Dion"]
[Black "Haast, Mark"]
[Result "0-1"]
[WhiteElo "1789"]
[BlackElo "2350"]
[PlyCount "62"]
[EventDate "2018.08.04"]
[EventCountry "NED"]
[SourceDate "2018.08.04"]

1. Nf3 c5 2. b3 Nf6 3. Bb2 g6 4. e3 Bg7 5. d4 O-O 6. Nbd2 b6 7. Be2 Bb7 8. O-O
d6 9. c4 Nbd7 10. Qc2 Rc8 11. Rfe1 e6 12. Rad1 Qe7 13. e4 cxd4 14. Nxd4 a6 15.
f4 e5 16. fxe5 dxe5 17. N4f3 Ng4 18. Nf1 Qc5+ 19. Nd4 exd4 20. Bxg4 f5 21. b4
d3+ 22. bxc5 dxc2 23. Bxg7 cxd1=Q 24. Rxd1 Kxg7 25. Rxd7+ Rf7 26. Rxf7+ Kxf7
27. exf5 Rxc5 28. fxg6+ hxg6 29. Ne3 Ra5 30. Nd5 Bxd5 31. cxd5 Rxa2 0-1

[Event "22nd Hogeschool Zeeland Tournament 2018"]
[Site "Vlissingen"]
[Date "2018.08.04"]
[Round "1.26"]
[White "Van der Lende, Ilias"]
[Black "Reichardt, Thomas"]
[Result "1/2-1/2"]
[WhiteElo "2347"]
[BlackElo "1789"]
[PlyCount "206"]
[EventDate "2018.08.04"]
[EventCountry "NED"]
[SourceDate "2018.08.04"]

1. d4 Nf6 2. c4 d6 3. Nc3 g6 4. e4 Nbd7 5. f4 e5 6. Nf3 exd4 7. Qxd4 Nc5 8. Be3
Bg7 9. e5 Ne6 10. Qd2 dxe5 11. Qxd8+ Nxd8 12. Nxe5 O-O 13. Nb5 Ne6 14. Nxa7 Bd7
15. Nb5 Bxb5 16. cxb5 Nd5 17. Kf2 Ndxf4 18. Nc4 Nd5 19. Bd3 Nxe3 20. Kxe3 Rfe8
21. Rhd1 Nd4+ 22. Kf2 Nxb5 23. a3 Nd4 24. Rab1 Ne6 25. Be4 Nc5 26. Bf3 Ne4+ 27.
Kf1 f5 28. Rd7 Rad8 29. Rxd8 Rxd8 30. Bxe4 fxe4 31. Ke2 Bh6 32. a4 Rd4 33. b3
Rd3 34. Rb2 Bg7 35. Rb1 Bh6 36. h3 Kf8 37. Kf2 Bg7 38. Ke2 Bh6 39. a5 Ke7 40.
b4 Rc3 41. Ne5 Rc2+ 42. Kf1 Rc1+ 43. Rxc1 Bxc1 44. b5 Kd8 45. a6 bxa6 46. bxa6
Kc8 47. Nd7 Be3 48. Nf6 h6 49. Ke2 Bg5 50. Nxe4 Be7 51. Kd3 Kb8 52. Kd4 Ka7 53.
Kd5 Kxa6 54. Ke6 Ba3 55. Kf6 Bc1 56. Kxg6 Kb5 57. h4 c5 58. g4 c4 59. Nc3+ Kc6
60. h5 Kd7 61. Kf5 Ke7 62. Nd5+ Kf7 63. Nb6 c3 64. Nd5 c2 65. Nb4 Kg7 66. Ke6
Bg5 67. Nxc2 Bf4 68. Nd4 Bg5 69. Nc2 Bd2 70. Kf5 Bg5 71. Ke5 Bd2 72. Nd4 Bg5
73. Ke4 Bd2 74. Kd3 Kf6 75. Nf3 Bg5 76. Kc2 Bf4 77. Kc3 Bc1 78. Kc4 Bf4 79. Kd5
Be3 80. Ke4 Bc1 81. Kd3 Bf4 82. Kd4 Bc1 83. Ke4 Ke6 84. Nd4+ Kf6 85. Kf3 Kg5
86. Ne2 Bd2 87. Ng3 Bc1 88. Ne2 Bd2 89. Kg3 Be3 90. Nc3 Bf4+ 91. Kh3 Bc1 92.
Ne4+ Kf4 93. Nd6 Kg5 94. Ne4+ Kf4 95. Nf2 Kg5 96. Kg3 Bf4+ 97. Kf3 Bc1 98. Nd3
Bd2 99. Nc5 Bc1 100. Ne4+ Kh4 101. Nf2 Kg5 102. Ke4 Bd2 103. Kd3 Be1 1/2-1/2

[Event "22nd Hogeschool Zeeland Tournament 2018"]
[Site "Vlissingen"]
[Date "2018.08.04"]
[Round "1.28"]
[White "Mehar, Chinna Reddy"]
[Black "De Feijter, David"]
[Result "1-0"]
[WhiteElo "2345"]
[BlackElo "1774"]
[PlyCount "65"]
[EventDate "2018.08.04"]
[EventCountry "NED"]
[SourceDate "2018.08.04"]

1. e4 b6 2. d4 Bb7 3. Bd3 Nf6 4. Qe2 e6 5. Nf3 d5 6. e5 Nfd7 7. O-O c5 8. c3
Be7 9. Bf4 Qc8 10. Rc1 Ba6 11. c4 dxc4 12. Bxc4 Bxc4 13. Qxc4 Qa6 14. Qc2 Nc6
15. Qe4 Rc8 16. Nbd2 Nb4 17. Nc4 O-O 18. Bg5 Nd5 19. Bxe7 Nxe7 20. Nd6 Rc7 21.
Ng5 Ng6 22. h4 h6 23. Nxe6 fxe6 24. Qxg6 Nb8 25. Ne8 Rcf7 26. Nf6+ Rxf6 27.
exf6 Rxf6 28. Qe8+ Rf8 29. Qxe6+ Kh8 30. dxc5 Qb5 31. c6 Qxb2 32. c7 Qxf2+ 33.
Kh1 1-0

[Event "22nd Hogeschool Zeeland Tournament 2018"]
[Site "Vlissingen"]
[Date "2018.08.04"]
[Round "1.29"]
[White "Kögeler, Aart"]
[Black "de Jong, Migchiel"]
[Result "0-1"]
[WhiteElo "1747"]
[BlackElo "2339"]
[PlyCount "64"]
[EventDate "2018.08.04"]
[EventCountry "NED"]
[SourceDate "2018.08.04"]

1. d4 e6 2. c4 Bb4+ 3. Bd2 a5 4. Nc3 Nf6 5. Nf3 b6 6. e3 Bb7 7. Be2 O-O 8. O-O
d6 9. Rc1 Nbd7 10. a3 Bxc3 11. Bxc3 a4 12. Nd2 Re8 13. Bf3 Qb8 14. Re1 e5 15.
Bxb7 Qxb7 16. dxe5 Nxe5 17. Bxe5 Rxe5 18. Qf3 Qa6 19. Red1 Rae8 20. Nf1 Ne4 21.
Ng3 g6 22. h3 Nxg3 23. Qxg3 Re4 24. Rd4 Rxd4 25. exd4 Qa5 26. Qf4 Re2 27. Qf6
Qd2 28. Rf1 Qxb2 29. Qd8+ Kg7 30. Qxc7 Qxd4 31. Qd8 Ra2 32. Qe7 Rxa3 0-1